| 000 | 00341nam a2200121Ia 4500 | ||
|---|---|---|---|
| 008 | 220216s9999 xx 000 0 und d | ||
| 100 | _aMuraleedharan N | ||
| 245 | 0 | _aTea research in India | |
| 260 | _bPLACROSYM XV 10-13 December 2002, Mysore : Silver Jubilee Souvenir. pp.18-27 | ||
| 650 | _aIndia | ||
| 650 | _aTea research | ||
| 942 | _cJS | ||
| 999 |
_c70287 _d70287 |
||